Modern French Presidents Quiz - Statistics

General Stats
  • This quiz has been taken 13 times
  • The average score is 13 of 35
Answer Stats
President Category Answer % Correct
Emmanuel Macron Name Emmanuel Macron
100%
François Hollande Name François Hollande
100%
Jacques Chirac Name Jacques Chirac
92%
Nicolas Sarkozy Name Nicolas Sarkozy
92%
François Mitterrand Name François Mitterrand
83%
François Hollande Date 2017
67%
Charles de Gaulle Name Charles de Gaulle
67%
François Mitterrand Date 1995
58%
Jacques Chirac Date 2007
58%
Nicolas Sarkozy Date 2012
58%
Valéry Giscard d'Estaing Name Valéry Giscard d'Estaing
58%
Emmanuel Macron Party Renaissance
50%
François Mitterrand Party Socialist Party
50%
François Hollande Party Socialist Party
50%
Valéry Giscard d'Estaing Date 1981
42%
Georges Pompidou Name Georges Pompidou
42%
René Coty Date 1959
33%
Alain Poher (#2) Date 1974
33%
Charles de Gaulle Date 1969
25%
Vincent Auriol Date 1954
17%
René Coty Name René Coty
17%
Vincent Auriol Name Vincent Auriol
17%
Alain Poher (#1) Date 1969
8%
Georges Pompidou Date 1974
8%
Alain Poher (#1) Name Alain Poher
8%
Alain Poher (#2) Name Alain Poher
8%
Jacques Chirac Party Rally for the Republic / Union for a Popular Movement
8%
Nicolas Sarkozy Party Union for a Popular Movement
8%
Alain Poher (#1) Party Democratic Centre
0%
Alain Poher (#2) Party Democratic Centre
0%
Vincent Auriol Party French Section of the Workers' International
0%
Valéry Giscard d'Estaing Party Independent Republicans
0%
René Coty Party National Centre of Independents and Peasants
0%
Charles de Gaulle Party Union for the New Republic
0%
Georges Pompidou Party Union of Democrats for the Republic
0%
No matching quizzes found
Score Distribution
Percent of People with Each Score
Percentile by Number Answered
Your Score History
You have not taken this quiz